000 00623nam a2200193Ia 4500
003 GCL
008 140319s9999 xx 000 0 ara d
040 _aGCL /
_cGCL
082 0 4 _a345
_bع.ج
100 1 _aعلى عوض حسن
245 1 0 _aالجنحة المباشرة وصيغها فى قانون العقوبات والقوانين المختلفة /
_cعلى عوض حسن
260 _a[S.N] :
_bدار الفكر الجامعى ،
_c1992
300 _a535 ص
490 _a
650 0 4 _aالقانون
650 0 4 _aقانون العقوبات
650 0 4 _aقوانين وتشريعات
942 _2ddc
_cBK
999 _c54341
_d54341